Hotel front office management (Record no. 395634)

MARC details
000 -LEADER
fixed length control field 00499 a2200193 4500
005 - DATE & TIME
control field 20260412111248.0
008 - FIXED-LENGTH DATA ELEMENTS--GENERAL INFORMATION
fixed length control field 260410b |||||||| |||| 00| 0 eng d
020 ## - ISBN
International Standard Book Number 8176601918
Price Rs. 780.00
040 ## - CATALOGING SOURCE
Original cataloging agency VIVEKANANDA LIBRARY
082 ## - DDC NUMBER
Classification number 647.94068
Book Number R812H
100 ## - MAIN ENTRY--PERSONAL NAME
Personal name Roy, Manas
245 ## - TITLE STATEMENT
Title Hotel front office management
260 ## - PUBLICATION, DISTRIBUTION, ETC. (IMPRINT)
Name of publisher, distributor, etc Everest Publishing House
Date of publication, distribution, etc 2012
Place of publication, distribution, etc Pune
300 ## - PHYSICAL DESCRIPTION
Pages 376
650 ## - Subject
Subject Hotel Management
650 ## - Subject
Subject Office Management
650 ## - Subject
Subject Hotel Front Office
942 ## - ADDED ENTRY ELEMENTS (KOHA)
Koha item type Books
Holdings
Withdrawn status Lost status Source of classification or shelving scheme Damaged status Not for loan Location (home branch) Sublocation or collection (holding branch) Shelving location Date acquired Koha issues (times borrowed) Koha full call number Accession No. Koha date last seen Koha item type
    Dewey Decimal Classification     VIVEKANANDA LIBRARY VIVEKANANDA LIBRARY IHTM Library 21/01/2026   647.94068 R812H 425196 21/01/2026 Books
© Designed and Maintained by Vivekananda Library, MDU Rohtak